MARC

LEADER 00000nam0a2200000 4500
001 681874
005 20260401150155.0
090 |a 681874 
100 |a 20250925d1907 k||y0rusy50 ca 
101 1 |a rus  |c fre 
102 |a RU 
105 |a a z 000yy 
181 0 |a i   |b  e  
182 0 |a n 
183 0 |a nc  |2 RDAcarrier 
200 1 |a Железо-бетон и его применение  |f М. А. Морель  |g пер. с фр. Л. Л. Мищенко, под ред. В. В. Айвазова 
203 |a Текст  |b визуальный  |c непосредственный 
210 |a Санкт-Петербург  |c [Б. и.]  |d 1907 
215 |a 148 с.  |c ил. 
283 |a volume  |2 RDAcarrier 
300 |a Текст в русской дореформенной орфографии 
316 |5 63413507: 10759  |a На титульном листе владельческий штамп "Библиотека Сибирского Технологического Института" 
317 |5 63413507: 10759  |a Поступил в НТБ в 1910 г. в составе книжного собрания профессора ТТИ А. Э. Сабека 
606 |a Железобетон  |x Строительство  |9 37639 
610 1 |a железобетонные конструкции 
610 1 |a применение 
610 1 |a сопротивление материалов 
610 1 |a железобетонная арматура 
610 1 |a железобетонные сооружения 
610 1 |a расчеты 
610 1 |a Коллекция А. Э. Сабека 
675 |a 624.012.45  |v 4 
700 1 |a Морель  |b М. А. 
702 1 |4 730  |a Мищенко  |b Л. Л. 
702 1 |4 340  |a Айвазов  |b В. В. 
801 0 |a RU  |b 63413507  |c 20250925 
830 |a Ретро2025Каталогизация Кузнецова (РФ) 
850 |a 63413507 
942 |c BK